Secret service, (Record no. 552292)
[ view plain ]
| 000 -LEADER | |
|---|---|
| fixed length control field | 00561cam a22001691 4500 |
| 082 ## - DEWEY DECIMAL CLASSIFICATION NUMBER | |
| Classification number | 355.4332 |
| Author Mark | AST |
| 100 1# - MAIN ENTRY--PERSONAL NAME | |
| Personal name | Aston, George Grey, |
| 9 (RLIN) | 49512 |
| 245 10 - TITLE STATEMENT | |
| Title | Secret service, |
| Statement of responsibility, etc. | by Major-General Sir George Aston. |
| 260 ## - PUBLICATION, DISTRIBUTION, ETC. | |
| Place of publication, distribution, etc. | New York, |
| Name of publisher, distributor, etc. | Cosmopolitan book corporation, |
| Date of publication, distribution, etc. | 1930. |
| 300 ## - PHYSICAL DESCRIPTION | |
| Extent | 348 p. |
| Other physical details | illus. |
| Dimensions | 21 cm. |
| 526 ## - STUDY PROGRAM INFORMATION NOTE | |
| Program name | 0 |
| Interest level | 0 |
| Reading level | 0 |
| Title point value | 355_433200000000000_AST |
| 650 #0 - SUBJECT ADDED ENTRY--TOPICAL TERM | |
| Topical term or geographic name entry element | MCE |
| 9 (RLIN) | 379 |
| 650 #0 - SUBJECT ADDED ENTRY--TOPICAL TERM | |
| Topical term or geographic name entry element | Military intelligence. |
| 9 (RLIN) | 48697 |
| 650 #0 - SUBJECT ADDED ENTRY--TOPICAL TERM | |
| Topical term or geographic name entry element | Secret service |
| Geographic subdivision | Great Britain. |
| 9 (RLIN) | 49513 |
| 650 #0 - SUBJECT ADDED ENTRY--TOPICAL TERM | |
| Topical term or geographic name entry element | World War, 1914-1918 |
| General subdivision | Secret service. |
| 9 (RLIN) | 49295 |
| 942 ## - ADDED ENTRY ELEMENTS (KOHA) | |
| Source of classification or shelving scheme | |
| Koha item type | Book |
| Withdrawn status | Lost status | Source of classification or shelving scheme | Damaged status | Not for loan | Permanent Location | Current Location | Date acquired | Total Checkouts | Full call number | Barcode | Date last seen | Price effective from | Koha item type |
|---|---|---|---|---|---|---|---|---|---|---|---|---|---|
| Military College of Engineering (MCE) | Military College of Engineering (MCE) | 01/13/2015 | 355.4332 AST | MCE-ECS/56 | 01/13/2015 | 01/13/2015 | Book |
